| 000 | 00819cam a22002653a 4500 | ||
|---|---|---|---|
| 001 | 39283 | ||
| 003 | PGUSA | ||
| 005 | 20140828083855.0 | ||
| 008 | 120327s2012||||xxu|||||s|||||000 | eng d | ||
| 040 |
_aPGUSA _beng |
||
| 042 | _adc | ||
| 050 | 4 | _aBV | |
| 100 | 1 |
_aRuskin, John, _d1819-1900 |
|
| 245 | 1 | 0 |
_aLetters to the Clergy on the Lord's Prayer and the Church _h[electronic resource] / _cJohn Ruskin |
| 260 |
_bProject Gutenberg, _c2012 |
||
| 506 | _aPublic domain in the USA. | ||
| 516 | _aElectronic text | ||
| 653 | _aLord's prayer | ||
| 653 | _aChurch of England -- Clergy | ||
| 653 | _aRuskin, John, 1819-1900 -- Correspondence | ||
| 700 | 1 |
_aMalleson, F. A. _q(Frederick Amadeus), _d1819-1897 |
|
| 830 | 0 |
_aProject Gutenberg _v39283 |
|
| 856 | 4 | 0 | _uhttp://www.gutenberg.org/ebooks/39283 |
| 942 | _cEB | ||
| 999 |
_c268536 _d268536 |
||